[Event "3. Campeonato de la Unión Europea"]
[Site "Arvier ITA"]
[Date "2007.06.16"]
[Round "2.5"]
[White "Baburin, Alexander"]
[Black "Borosova, Zuzana"]
[Result "1/2-1/2"]
[WhiteElo "2545"]
[BlackElo "2206"]
[PlyCount "175"]
[EventDate "2007.06.15"]
[EventType "swiss"]
[EventRounds "10"]
[EventCountry "ITA"]
[Source "lmi"]
[SourceDate "2007.06.15"]

1. d4 Nf6 2. c4 e6 3. Nc3 Bb4 4. Qc2 d5 5. cxd5 exd5 6. Bg5 h6 7. Bxf6 Qxf6 8.
a3 Bxc3+ 9. Qxc3 O-O 10. e3 c6 11. Ne2 Re8 12. Ng3 g6 13. h4 h5 14. f3 c5 15.
Kf2 cxd4 16. Qxd4 Qd8 17. Bb5 Nc6 18. Bxc6 bxc6 19. Rac1 Bb7 20. Ne2 Qb6 21. b4
Ba6 22. Qxb6 axb6 23. Nd4 Bc4 24. Rc3 c5 25. Nc2 f5 26. Kg3 Kf7 27. Rb1 cxb4
28. Rxb4 b5 29. Kf4 Kf6 30. Rb2 Ra4 31. Rb4 Rea8 32. Rxa4 Rxa4 33. Nb4 Ra8 34.
Kg3 Re8 35. Nc6 Re6 36. Nd4 Ra6 37. Kf4 Ra4 38. g3 Ra7 39. Nc6 Ra4 40. Nb4 Ra8
41. Nc6 Ra6 42. Ne5 Ra7 43. Nc6 Ra6 44. Nd4 Ra7 45. e4 dxe4 46. fxe4 fxe4 47.
Kxe4 Re7+ 48. Kf4 Rd7 49. Nc2 Rd3 50. Rxd3 Bxd3 51. Nd4 Bc4 52. Ke4 g5 53. Nc2
gxh4 54. gxh4 Be2 55. Nd4 Bc4 56. Kf4 Bd3 57. Ke3 Bf1 58. Kf4 Bd3 59. Nb3 Bg6
60. Nc5 Bc2 61. Na6 Bd3 62. Nb4 Bc4 63. Nc2 Be2 64. Ke4 Bc4 65. Ne3 Be6 66.
Nd5+ Kf7 67. Ke5 Bg4 68. Nc3 Bd7 69. Kd6 Be8 70. Kc5 Kf6 71. Nxb5 Ke5 72. a4
Bg6 73. a5 Kf4 74. a6 Be4 75. Nd6 Ba8 76. Kb6 Kg4 77. Ka7 Bf3 78. Kb8 Kxh4 79.
a7 Kg3 80. Nb7 h4 81. a8=Q h3 82. Qa1 h2 83. Qe5+ Kg2 84. Qg5+ Kf2 85. Qh4+ Kg2
86. Nc5 h1=Q 87. Qxh1+ Kxh1 88. Kc7 1/2-1/2

[Event "3. Campeonato de la Unión Europea"]
[Site "Arvier ITA"]
[Date "2007.06.16"]
[Round "2.6"]
[White "Daulyte, Deimante"]
[Black "Sulskis, Sarunas"]
[Result "1-0"]
[WhiteElo "2224"]
[BlackElo "2533"]
[PlyCount "61"]
[EventDate "2007.06.15"]
[EventType "swiss"]
[EventRounds "10"]
[EventCountry "ITA"]
[Source "lmi"]
[SourceDate "2007.06.15"]

1. e4 c6 2. d4 d5 3. e5 Bf5 4. Nc3 e6 5. g4 Bg6 6. Nge2 c5 7. h4 h5 8. Nf4 Bh7
9. g5 Nc6 10. Qxh5 Nxd4 11. Be3 Nxc2+ 12. Kd2 Nxe3 13. fxe3 d4 14. Bb5+ Ke7 15.
Rad1 dxc3+ 16. Kc1 Bd3 17. Qxh8 cxb2+ 18. Kxb2 Qb6 19. Rxd3 Qxb5+ 20. Rb3 Qc6
21. Rf1 Qe4 22. Qxg8 Qxe5+ 23. Rc3 Qf5 24. Nd5+ Qxd5 25. Rxf7+ Kd6 26. Rxf8
Qd2+ 27. Kb3 c4+ 28. Rxc4 Qxe3+ 29. Rc3 Qb6+ 30. Kc2 Qa5 31. Rd3+ 1-0

[Event "3. Campeonato de la Unión Europea"]
[Site "Arvier ITA"]
[Date "2007.06.16"]
[Round "2.7"]
[White "Prie, Eric"]
[Black "Maahs, Erich"]
[Result "1-0"]
[WhiteElo "2513"]
[BlackElo "2193"]
[PlyCount "83"]
[EventDate "2007.06.15"]
[EventType "swiss"]
[EventRounds "10"]
[EventCountry "ITA"]
[Source "lmi"]
[SourceDate "2007.06.15"]

1. d4 d5 2. Nf3 Nf6 3. a3 c6 4. Bf4 Bf5 5. e3 e6 6. c4 Bd6 7. Bxd6 Qxd6 8. Qb3
Nbd7 9. Qxb7 Rb8 10. Qa6 Rxb2 11. Qc8+ Ke7 12. Qxh8 Bxb1 13. Be2 Bg6 14. Qc8 c5
15. cxd5 Nxd5 16. Rc1 Nc7 17. O-O Rxe2 18. dxc5 Nxc5 19. Rfd1 Rc2 20. h3 Rxc1
21. Rxc1 Be4 22. Nd4 Bb7 23. Qb8 Qb6 24. Rxc5 Qxc5 25. Qxb7 Kf6 26. Qf3+ Kg6
27. Qg3+ Kh6 28. Qf4+ Kg6 29. Nf3 f6 30. Qe4+ Kf7 31. a4 g6 32. Qb7 e5 33. Kh2
Kg7 34. Nd2 f5 35. Nf3 Kf6 36. Qc8 Qe7 37. Qh8+ Qg7 38. Qd8+ Qe7 39. Qh8+ Qg7
40. Qb8 e4 41. Qb2+ Kf7 42. Ng5+ 1-0

[Event "3. Campeonato de la Unión Europea"]
[Site "Arvier ITA"]
[Date "2007.06.16"]
[Round "2.8"]
[White "Pantaleoni, Claudio"]
[Black "Caruana, Fabiano"]
[Result "0-1"]
[WhiteElo "2219"]
[BlackElo "2513"]
[PlyCount "72"]
[EventDate "2007.06.15"]
[EventType "swiss"]
[EventRounds "10"]
[EventCountry "ITA"]
[Source "lmi"]
[SourceDate "2007.06.15"]

1. d4 e6 2. c4 Nf6 3. Nf3 Nc6 4. g3 Bb4+ 5. Bd2 Qe7 6. Nc3 d5 7. cxd5 exd5 8.
Bg2 O-O 9. O-O h6 10. a3 Bxc3 11. Bxc3 Ne4 12. Rc1 a5 13. e3 Rd8 14. Nd2 Ng5
15. Qh5 Bf5 16. Nf3 Be4 17. Nxg5 hxg5 18. Bxe4 dxe4 19. Rc2 Rd5 20. Rfc1 Nd8
21. Qe2 c6 22. Qc4 g4 23. Qe2 f5 24. h4 gxh3 25. Qh5 Ne6 26. Kf1 Ng5 27. Ke2
Rd6 28. Qh4 Rh6 29. Qf4 Qf7 30. d5 Qh5+ 31. g4 Qxg4+ 32. Qxg4 fxg4 33. dxc6
Rxc6 34. Be5 Rxc2+ 35. Rxc2 Nf3 36. Bd4 h2 0-1

[Event "3. Campeonato de la Unión Europea"]
[Site "Arvier ITA"]
[Date "2007.06.16"]
[Round "2.9"]
[White "Cebalo, Miso"]
[Black "Ocantos, Manuel"]
[Result "1-0"]
[WhiteElo "2491"]
[BlackElo "2178"]
[PlyCount "79"]
[EventDate "2007.06.15"]
[EventType "swiss"]
[EventRounds "10"]
[EventCountry "ITA"]
[Source "lmi"]
[SourceDate "2007.06.15"]

1. d4 d5 2. c4 e6 3. Nf3 Nf6 4. Nc3 Be7 5. Bg5 O-O 6. e3 Nbd7 7. Qc2 b6 8. cxd5
exd5 9. Bd3 Bb7 10. O-O c5 11. Rad1 Re8 12. Ne5 h6 13. Bh4 a6 14. Bf5 c4 15. a4
Nf8 16. b3 g6 17. Bh3 N6d7 18. Bxe7 Qxe7 19. f4 Nxe5 20. fxe5 Ne6 21. Bxe6 Qxe6
22. Rf6 Qg4 23. Rdf1 Re7 24. Rxb6 Rc8 25. b4 Rd8 26. Rbf6 Bc8 27. R1f3 Qh4 28.
Rg3 Kh8 29. Qf2 Be6 30. h3 Rb8 31. b5 axb5 32. axb5 Ra8 33. Kh2 Rb7 34. e4 dxe4
35. d5 e3 36. Qxe3 Bf5 37. Rf3 Ra3 38. R3xf5 Rxc3 39. Qxc3 gxf5 40. Rxf5 1-0

[Event "3. Campeonato de la Unión Europea"]
[Site "Arvier ITA"]
[Date "2007.06.16"]
[Round "2.10"]
[White "Bashkite, Viktoria"]
[Black "Likavsky, Tomas"]
[Result "0-1"]
[WhiteElo "2202"]
[BlackElo "2485"]
[PlyCount "76"]
[EventDate "2007.06.15"]
[EventType "swiss"]
[EventRounds "10"]
[EventCountry "ITA"]
[Source "lmi"]
[SourceDate "2007.06.15"]

1. Nf3 Nf6 2. c4 e6 3. Nc3 d5 4. d4 Nbd7 5. Bg5 c6 6. e3 Qa5 7. Nd2 dxc4 8.
Bxf6 Nxf6 9. Nxc4 Qc7 10. Rc1 Be7 11. Bd3 O-O 12. O-O Rd8 13. Ne5 Bd7 14. Ne4
Be8 15. f4 Nxe4 16. Bxe4 c5 17. Qc2 g6 18. b4 Bb5 19. Rfd1 c4 20. a4 Be8 21. b5
a6 22. Rb1 axb5 23. axb5 Rdc8 24. b6 Qb8 25. Ra1 c3 26. Qb3 Bd8 27. d5 c2 28.
Bxc2 Rxa1 29. Rxa1 exd5 30. Bd1 Qd6 31. Bg4 Rb8 32. Ra5 Qxb6 33. Ra3 Qc5 34.
Bd7 Bxd7 35. Nxd7 Qc1+ 36. Kf2 Rc8 37. Qb4 Bh4+ 38. g3 Rc2+ 0-1

[Event "3. Campeonato de la Unión Europea"]
[Site "Arvier ITA"]
[Date "2007.06.16"]
[Round "2.11"]
[White "Okhotnik, Vladimir"]
[Black "Pace, Colin"]
[Result "1-0"]
[WhiteElo "2484"]
[BlackElo "2146"]
[PlyCount "64"]
[EventDate "2007.06.15"]
[EventType "swiss"]
[EventRounds "10"]
[EventCountry "ITA"]
[Source "lmi"]
[SourceDate "2007.06.15"]

1. e4 c5 2. Nf3 g6 3. c3 Bg7 4. d4 cxd4 5. cxd4 d5 6. e5 Bg4 7. Bb5+ Nc6 8.
Bxc6+ bxc6 9. Nbd2 Nh6 10. h3 Bxf3 11. Nxf3 O-O 12. O-O f6 13. Bf4 Nf7 14. Re1
Qb6 15. Qd2 Rac8 16. Rac1 g5 17. Bg3 Bh6 18. e6 Nh8 19. Rc3 Kg7 20. Qc2 Ng6 21.
Rc5 Rfd8 22. Re2 Qa6 23. Re3 Nf8 24. Rec3 Kg8 25. a3 Bg7 26. Rxc6 Rxc6 27. Rxc6
Qb5 28. b4 h6 29. Qc5 Qxc5 30. dxc5 d4 31. b5 d3 32. b6 f5 1-0

[Event "3. Campeonato de la Unión Europea"]
[Site "Arvier ITA"]
[Date "2007.06.16"]
[Round "2.12"]
[White "Makka, Ioulia"]
[Black "D'Amore, Carlo"]
[Result "0-1"]
[WhiteElo "2185"]
[BlackElo "2476"]
[PlyCount "84"]
[EventDate "2007.06.15"]
[EventType "swiss"]
[EventRounds "10"]
[EventCountry "ITA"]
[Source "lmi"]
[SourceDate "2007.06.15"]

1. e4 g6 2. d4 Bg7 3. Nc3 d6 4. Be3 a6 5. f4 b5 6. Be2 b4 7. Nb1 Bb7 8. Bf3 Nf6
9. Nd2 Nbd7 10. c4 bxc3 11. bxc3 d5 12. e5 Ne4 13. Nh3 Nxd2 14. Bxd2 Nb6 15. f5
gxf5 16. e6 fxe6 17. Ng5 Kd7 18. Nf7 Qg8 19. Nxh8 Qxh8 20. O-O e5 21. dxe5 Bxe5
22. Qc2 e6 23. Rab1 Bc6 24. Rb4 Bb5 25. Rc1 Nc4 26. a4 c5 27. Rxb5 axb5 28.
axb5 Qb8 29. g3 Qxb5 30. Bxd5 exd5 31. Qxf5+ Kc6 32. Rb1 Qa6 33. Qe6+ Bd6 34.
Bf4 Qc8 35. Qh6 Qf5 36. Re1 Qg6 37. Qh3 Re8 38. Rf1 Bxf4 39. Rxf4 Re1+ 40. Rf1
Qe6 41. Qxe6+ Rxe6 42. Rf7 d4 0-1

[Event "3. Campeonato de la Unión Europea"]
[Site "Arvier ITA"]
[Date "2007.06.16"]
[Round "2.13"]
[White "Cazzaniga, Walter"]
[Black "Brunello, Sabino"]
[Result "0-1"]
[WhiteElo "2174"]
[BlackElo "2454"]
[PlyCount "96"]
[EventDate "2007.06.15"]
[EventType "swiss"]
[EventRounds "10"]
[EventCountry "ITA"]
[Source "lmi"]
[SourceDate "2007.06.15"]

1. d4 Nf6 2. c4 e6 3. Nf3 b6 4. g3 Ba6 5. b3 Bb7 6. Bg2 Bb4+ 7. Bd2 c5 8. Bxb4
cxb4 9. Nbd2 O-O 10. O-O d6 11. Qc2 Qc7 12. a3 Nc6 13. Rfc1 bxa3 14. Rxa3 a5
15. Qb1 d5 16. e3 Qe7 17. Ra1 Rfd8 18. h3 Rac8 19. Kh2 h6 20. Ne5 Nxe5 21. dxe5
Nd7 22. Qb2 Nc5 23. Qa3 d4 24. e4 Qc7 25. f4 Nd3 26. Rf1 Nb4 27. Rac1 Qc5 28.
Rcd1 d3 29. Rg1 Rd7 30. Qb2 Nc2 31. h4 Nd4 32. Rgf1 Rcd8 33. h5 Qb4 34. Qb1 Ne2
35. Qa1 Nc3 36. Rc1 Na4 37. Rcd1 Nc5 38. Qb1 Rd4 39. Rfe1 Bc6 40. Re3 b5 41.
Bf3 a4 42. cxb5 Bxb5 43. bxa4 Bxa4 44. Qxb4 Rxb4 45. Rc1 Rb2 46. Rxc5 Rxd2+ 47.
Kh3 Rf2 48. Rc3 Rxf3 0-1

[Event "3. Campeonato de la Unión Europea"]
[Site "Arvier ITA"]
[Date "2007.06.16"]
[Round "2.14"]
[White "Vocaturo, Daniele"]
[Black "Brauer, Christian"]
[Result "1-0"]
[WhiteElo "2450"]
[BlackElo "2132"]
[PlyCount "65"]
[EventDate "2007.06.15"]
[EventType "swiss"]
[EventRounds "10"]
[EventCountry "ITA"]
[Source "lmi"]
[SourceDate "2007.06.15"]

1. d4 d5 2. Bf4 Nf6 3. Nf3 c6 4. e3 Bf5 5. c4 e6 6. Nc3 Nbd7 7. Qb3 Qb6 8. c5
Qxb3 9. axb3 a6 10. b4 Rc8 11. h3 Be7 12. Nd2 O-O 13. Nb3 Bd8 14. Bd6 Re8 15.
Na5 Bxa5 16. bxa5 e5 17. Kd2 exd4 18. exd4 Nf8 19. f3 Ne6 20. Ra4 Nc7 21. g4
Bg6 22. h4 h5 23. g5 Nh7 24. Bh3 Ne6 25. Re1 Nhf8 26. Rb4 Rcd8 27. Re3 f6 28.
gxf6 gxf6 29. Ne2 Rd7 30. Reb3 Rxd6 31. cxd6 Nd8 32. d7 Re7 33. Rxb7 1-0

[Event "3. Campeonato de la Unión Europea"]
[Site "Arvier ITA"]
[Date "2007.06.16"]
[Round "2.15"]
[White "Pepino, Enrico"]
[Black "Bruno, Fabio"]
[Result "1-0"]
[WhiteElo "2153"]
[BlackElo "2428"]
[PlyCount "107"]
[EventDate "2007.06.15"]
[EventType "swiss"]
[EventRounds "10"]
[EventCountry "ITA"]
[Source "lmi"]
[SourceDate "2007.06.15"]

1. e4 c5 2. Nf3 Nc6 3. d4 cxd4 4. Nxd4 Qb6 5. Nb3 Nf6 6. Nc3 e6 7. Qe2 Qc7 8.
g4 h6 9. Bg2 a6 10. f4 d6 11. Be3 b5 12. O-O-O Bb7 13. h4 h5 14. g5 Ng4 15. g6
fxg6 16. Bh3 Nd8 17. Bxg4 hxg4 18. a3 Rc8 19. Rd2 Qf7 20. Qxg4 Rxc3 21. bxc3
Bxe4 22. Rhd1 Qc7 23. Kb2 d5 24. Qg1 Nb7 25. Bb6 Qd6 26. Ra1 Rxh4 27. Ra2 Rh3
28. a4 b4 29. cxb4 Qxf4 30. Rf2 Qe5+ 31. Bd4 Qc7 32. Qf1 Rh8 33. Qxa6 e5 34.
Qe6+ Be7 35. Bxe5 Nd6 36. Bxd6 Qxd6 37. Qf7+ Kd7 38. Nc5+ Kc6 39. Qf4 Bf6+ 40.
Ka3 Rh3+ 41. Nb3 Qxf4 42. Rxf4 Be5 43. Rxe4 dxe4 44. c4 g5 45. b5+ Kc7 46. c5
g4 47. Re2 g3 48. b6+ Kc6 49. Kb4 e3 50. Na5+ Kd5 51. c6 Rh2 52. c7 Rh8 53.
Rxe3 g2 54. Rd3+ 1-0

[Event "3. Campeonato de la Unión Europea"]
[Site "Arvier ITA"]
[Date "2007.06.16"]
[Round "2.18"]
[White "Diotallevi, Maurizio"]
[Black "Piscopo, Pierluigi"]
[Result "0-1"]
[WhiteElo "2137"]
[BlackElo "2392"]
[PlyCount "101"]
[EventDate "2007.06.15"]
[EventType "swiss"]
[EventRounds "10"]
[EventCountry "ITA"]
[Source "lmi"]
[SourceDate "2007.06.15"]

1. d4 c5 2. c3 Qa5 3. e3 Nf6 4. Nf3 g6 5. Bd3 Bg7 6. Nbd2 d6 7. O-O O-O 8. Qe2
Nc6 9. Nc4 Qc7 10. dxc5 dxc5 11. e4 Bg4 12. Ne3 Bxf3 13. Qxf3 Ne5 14. Qe2 Nxd3
15. Qxd3 Rfd8 16. Qc2 Rd7 17. Re1 Rad8 18. f3 a6 19. Nf1 Nh5 20. g3 c4 21. Be3
Rd3 22. Rad1 Qa5 23. a3 Qb5 24. Rxd3 cxd3 25. Qd2 f5 26. exf5 gxf5 27. Bg5 Bf6
28. Bxf6 exf6 29. f4 Ng7 30. Ne3 Qb6 31. Kg2 Qc6+ 32. Kf2 Qb6 33. Kg2 Qb5 34.
c4 Qc6+ 35. Kf2 b5 36. cxb5 axb5 37. Rc1 Qe4 38. Rc5 Ne6 39. Rc3 h5 40. Qd1 d2
41. Nf1 Nc5 42. Nxd2 Nd3+ 43. Rxd3 Qxd3 44. Qb3+ Qxb3 45. Nxb3 Rd3 46. Na1 Rd2+
47. Ke3 Rxb2 48. Kd3 Rxh2 49. Nc2 Rg2 50. Ne3 Rxg3 51. Kd4 0-1

[Event "3. Campeonato de la Unión Europea"]
[Site "Arvier ITA"]
[Date "2007.06.16"]
[Round "2.19"]
[White "Foisor, Cristina Adela"]
[Black "Brigati, Alessandro"]
[Result "1-0"]
[WhiteElo "2384"]
[BlackElo "2093"]
[PlyCount "79"]
[EventDate "2007.06.15"]
[EventType "swiss"]
[EventRounds "10"]
[EventCountry "ITA"]
[Source "lmi"]
[SourceDate "2007.06.15"]

1. Nf3 Nf6 2. g3 g6 3. Bg2 Bg7 4. O-O O-O 5. c4 d6 6. d4 Nbd7 7. Nc3 e5 8. e3
Re8 9. a4 c6 10. a5 e4 11. Ng5 d5 12. cxd5 cxd5 13. f3 h6 14. Nh3 Nf8 15. fxe4
Bxh3 16. Bxh3 Nxe4 17. Qb3 Nxc3 18. bxc3 Re7 19. Ra2 Ne6 20. Bxe6 fxe6 21. Qb1
Kh7 22. Ba3 Rd7 23. Bb4 Qg5 24. Qd3 Rc8 25. Raf2 e5 26. Kg2 e4 27. Qe2 h5 28.
Rf4 Rcc7 29. h4 Qh6 30. R1f2 Kg8 31. a6 bxa6 32. Qxa6 g5 33. Rf6 Bxf6 34. Rxf6
Qg7 35. hxg5 Qxg5 36. Rg6+ Rg7 37. Rxg5 Rxg5 38. Qe6+ Rf7 39. Bd6 Rgf5 40. Qg6+
1-0

[Event "3. Campeonato de la Unión Europea"]
[Site "Arvier ITA"]
[Date "2007.06.16"]
[Round "2.20"]
[White "Sorcinelli, Francesco"]
[Black "Zimina, Olga"]
[Result "1-0"]
[WhiteElo "2131"]
[BlackElo "2377"]
[PlyCount "107"]
[EventDate "2007.06.15"]
[EventType "swiss"]
[EventRounds "10"]
[EventCountry "ITA"]
[Source "lmi"]
[SourceDate "2007.06.15"]

1. e4 e5 2. f4 exf4 3. Bc4 Nf6 4. Nc3 c6 5. Bb3 d5 6. exd5 cxd5 7. d4 Bd6 8.
Nge2 Bg4 9. Qd3 O-O 10. O-O f3 11. gxf3 Bh3 12. Rf2 Nc6 13. Bg5 h6 14. Bh4 g5
15. f4 Qd7 16. fxg5 Qg4+ 17. Bg3 Nh5 18. Bxd5 Qxg5 19. Bxc6 Bxg3 20. Nxg3 bxc6
21. Nce4 Qg6 22. Kh1 Nxg3+ 23. Qxg3 Qxg3 24. hxg3 f5 25. Nc5 Rfe8 26. Kh2 Bg4
27. Nd7 Kg7 28. c3 h5 29. Ne5 Re6 30. Raf1 Rh8 31. Kg2 Reh6 32. Rf4 Rb8 33. b4
Rbh8 34. Kf2 a6 35. Ke3 Bh3 36. R1f2 Re8 37. Rh4 Bg4 38. Kd3 Rb8 39. Rh1 Rbh8
40. a4 h4 41. gxh4 Rxh4 42. Rxh4 Rxh4 43. Nxc6 Kf6 44. d5 Bd1 45. a5 f4 46. c4
Rg4 47. b5 axb5 48. cxb5 f3 49. b6 Be2+ 50. Ke3 Rg7 51. Rxe2 fxe2 52. Kxe2 Rb7
53. Kd3 Kf5 54. Kd4 1-0

[Event "3. Campeonato de la Unión Europea"]
[Site "Arvier ITA"]
[Date "2007.06.16"]
[Round "2.21"]
[White "Rombaldoni, Denis"]
[Black "Bonugli, Carlo"]
[Result "1-0"]
[WhiteElo "2368"]
[BlackElo "2091"]
[PlyCount "43"]
[EventDate "2007.06.15"]
[EventType "swiss"]
[EventRounds "10"]
[EventCountry "ITA"]
[Source "lmi"]
[SourceDate "2007.06.15"]

1. d4 Nf6 2. Nf3 g6 3. Nc3 Bg7 4. e4 d6 5. h3 O-O 6. Be3 c6 7. Qd2 b5 8. Bd3
Bb7 9. Bh6 e6 10. e5 dxe5 11. dxe5 Nd5 12. h4 Nxc3 13. bxc3 Re8 14. h5 Bh8 15.
Bg5 Qa5 16. hxg6 fxg6 17. Bxg6 hxg6 18. Rxh8+ Kxh8 19. Bf6+ Kg8 20. Qh6 Qxc3+
21. Kf1 Qxa1+ 22. Ke2 1-0

[Event "3. Campeonato de la Unión Europea"]
[Site "Arvier ITA"]
[Date "2007.06.16"]
[Round "2.22"]
[White "Dubois, Martine"]
[Black "Calzetta, Monica"]
[Result "0-1"]
[WhiteElo "2092"]
[BlackElo "2340"]
[PlyCount "94"]
[EventDate "2007.06.15"]
[EventType "swiss"]
[EventRounds "10"]
[EventCountry "ITA"]
[Source "lmi"]
[SourceDate "2007.06.15"]

1. e4 e6 2. Nf3 d5 3. Nc3 d4 4. Ne2 c5 5. Ng3 Nc6 6. d3 Qc7 7. Be2 Nf6 8. Ng5
h6 9. Nh3 e5 10. Nh5 Nxh5 11. Bxh5 Bxh3 12. gxh3 g6 13. Bf3 Be7 14. Bg2 Nd8 15.
Qg4 Ne6 16. O-O h5 17. Qe2 O-O-O 18. a3 Kb8 19. Rb1 Rc8 20. Bd2 Bg5 21. Bxg5
Nxg5 22. b4 c4 23. dxc4 Qxc4 24. Qxc4 Rxc4 25. f4 exf4 26. Rxf4 Rxc2 27. h4 Ne6
28. Rxf7 d3 29. Rd7 Nf4 30. Bf1 Rf8 31. Kh1 Kc8 32. Rd4 Rd8 33. Rxd8+ Kxd8 34.
Rd1 Rc3 35. a4 Ke7 36. Kg1 Kf6 37. Kf2 Ke5 38. Ke3 Rc4 39. Rb1 Rxe4+ 40. Kd2 b6
41. Rb3 Rd4 42. a5 Ke4 43. axb6 axb6 44. b5 Ra4 45. Rb2 Kd4 46. h3 Ke4 47. Ke1
Ke3 0-1

[Event "3. Campeonato de la Unión Europea"]
[Site "Arvier ITA"]
[Date "2007.06.16"]
[Round "2.23"]
[White "Almond, Richard"]
[Black "Castaldo, Folco"]
[Result "0-1"]
[WhiteElo "2088"]
[BlackElo "2330"]
[PlyCount "80"]
[EventDate "2007.06.15"]
[EventType "swiss"]
[EventRounds "10"]
[EventCountry "ITA"]
[Source "lmi"]
[SourceDate "2007.06.15"]

1. d4 e6 2. Nf3 f5 3. g3 Nf6 4. Bg2 Be7 5. O-O O-O 6. c4 d6 7. Nc3 a5 8. Re1
Ne4 9. Qc2 Nxc3 10. Qxc3 Nc6 11. e4 e5 12. d5 Nb4 13. Nd2 c6 14. a3 cxd5 15.
cxd5 Na6 16. b4 Bd7 17. Nc4 axb4 18. axb4 Rc8 19. Qb3 Bb5 20. Na3 Nc7 21. Be3
Bd7 22. Bb6 Qe8 23. Rac1 Bd8 24. Nc4 Nb5 25. Bxd8 Qxd8 26. Qb2 f4 27. Nd2 Rxc1
28. Qxc1 Nd4 29. Qc3 Bb5 30. Bf1 Bxf1 31. Kxf1 Qd7 32. Kg2 f3+ 33. Kh1 Qh3 34.
Rg1 Ne2 35. Qa1 Nxg1 36. Qxg1 h5 37. b5 b6 38. Nc4 Rc8 39. Ne3 Rc3 40. Qf1 Rxe3
0-1

[Event "3. Campeonato de la Unión Europea"]
[Site "Arvier ITA"]
[Date "2007.06.16"]
[Round "2.24"]
[White "Cocchi, Andrea"]
[Black "Fraser-Mitchell, Jeremy N"]
[Result "1-0"]
[WhiteElo "2321"]
[BlackElo "2084"]
[PlyCount "83"]
[EventDate "2007.06.15"]
[EventType "swiss"]
[EventRounds "10"]
[EventCountry "ITA"]
[Source "lmi"]
[SourceDate "2007.06.15"]

1. Nf3 f5 2. g3 Nf6 3. Bg2 d6 4. d4 g6 5. O-O Bg7 6. c4 O-O 7. Nc3 Qe8 8. Nd5
Nxd5 9. cxd5 Qb5 10. Ng5 c6 11. a4 Qb6 12. a5 Qb5 13. e4 fxe4 14. Nxe4 cxd5 15.
Nc3 Qd7 16. Nxd5 Nc6 17. Be3 Rb8 18. Qd2 Qf5 19. Rac1 Qf7 20. b4 a6 21. Rfe1
Bg4 22. Nb6 Rbd8 23. f4 d5 24. Bf2 Qf5 25. b5 axb5 26. a6 Rf6 27. axb7 Bh3 28.
Nc8 Rxc8 29. bxc8=Q+ Qxc8 30. Bxd5+ Kf8 31. Be4 Qd7 32. d5 Bh6 33. Qc2 Nb4 34.
Qb3 Na6 35. Bd4 Rd6 36. Be5 Rb6 37. Qe3 Rb7 38. Rc6 Nb4 39. Rc5 Ra7 40. Qb3 Ra4
41. Rc7 Qd8 42. d6 1-0

[Event "3. Campeonato de la Unión Europea"]
[Site "Arvier ITA"]
[Date "2007.06.16"]
[Round "2.25"]
[White "Di Cio, Enrico"]
[Black "Friedrich, Norbert"]
[Result "0-1"]
[WhiteElo "1776"]
[BlackElo "2317"]
[PlyCount "78"]
[EventDate "2007.06.15"]
[EventType "swiss"]
[EventRounds "10"]
[EventCountry "ITA"]
[Source "lmi"]
[SourceDate "2007.06.15"]

1. e4 c5 2. f4 d5 3. exd5 Qxd5 4. Nc3 Qd8 5. Nf3 g6 6. Bb5+ Nd7 7. O-O Bg7 8.
d4 cxd4 9. Nxd4 a6 10. Ba4 Ngf6 11. f5 O-O 12. fxg6 hxg6 13. Bg5 Qb6 14. Kh1
Qxb2 15. Nce2 Nc5 16. Bb3 Bg4 17. Rb1 Qa3 18. Qe1 Nxb3 19. Rxb3 Qc5 20. Rc3
Qxg5 21. Nf3 Qh5 22. Ng3 Qa5 23. Ne5 Nd5 24. Rb3 Qxe1 25. Rxe1 Bc8 26. c4 Nc7
27. c5 Bxe5 28. Rxe5 Ne6 29. Rc3 Rd8 30. Re1 Bd7 31. Rec1 Bc6 32. Nf1 Nf4 33.
R3c2 Rd3 34. h3 Rxh3+ 35. Kg1 Rd3 36. g3 Nh3+ 37. Kh2 Ng5 38. Re2 Nf3+ 39. Kh3
Ng1+ 0-1

[Event "3. Campeonato de la Unión Europea"]
[Site "Arvier ITA"]
[Date "2007.06.16"]
[Round "2.27"]
[White "Astengo, Corrado"]
[Black "Brunello, Roberta"]
[Result "1-0"]
[WhiteElo "2110"]
[BlackElo "1953"]
[PlyCount "59"]
[EventDate "2007.06.15"]
[EventType "swiss"]
[EventRounds "10"]
[EventCountry "ITA"]
[Source "lmi"]
[SourceDate "2007.06.15"]

1. e4 e5 2. Nf3 Nc6 3. Bb5 d6 4. Bxc6+ bxc6 5. d4 exd4 6. Qxd4 c5 7. Qd3 Be7 8.
O-O Nf6 9. c4 O-O 10. Nc3 Bb7 11. b3 Re8 12. Bb2 Bf8 13. Rfe1 g6 14. Rad1 Bg7
15. e5 dxe5 16. Nxe5 Qxd3 17. Nxd3 Nd7 18. Nb5 Bxb2 19. Nxb2 Rxe1+ 20. Rxe1 a6
21. Nxc7 Rc8 22. Nd5 Bxd5 23. cxd5 Nb6 24. Rd1 Rd8 25. d6 Kf8 26. Nc4 Nxc4 27.
bxc4 Ke8 28. Rd5 Kd7 29. Rxc5 Kxd6 30. Rd5+ 1-0

[Event "3. Campeonato de la Unión Europea"]
[Site "Arvier ITA"]
[Date "2007.06.16"]
[Round "2.29"]
[White "Gorse, Gerard"]
[Black "Beggi, Pierluigi"]
[Result "0-1"]
[WhiteElo "2058"]
[BlackElo "2141"]
[PlyCount "64"]
[EventDate "2007.06.15"]
[EventType "swiss"]
[EventRounds "10"]
[EventCountry "ITA"]
[Source "lmi"]
[SourceDate "2007.06.15"]

1. d4 Nf6 2. c4 g6 3. g3 Bg7 4. Bg2 O-O 5. Nf3 d6 6. O-O Nbd7 7. Qc2 c6 8. Rd1
Qc7 9. Nc3 e5 10. h3 Re8 11. e4 exd4 12. Nxd4 Ne5 13. b3 a6 14. Be3 Rb8 15.
Rac1 c5 16. Nde2 b5 17. cxb5 axb5 18. Qd2 Bxh3 19. Qxd6 Qxd6 20. Rxd6 Bxg2 21.
Kxg2 b4 22. Na4 Nxe4 23. Rd5 c4 24. bxc4 Ra8 25. Nc5 Nxc5 26. Bxc5 Rxa2 27. Nf4
b3 28. Rb1 b2 29. Bb4 Nxc4 30. Rdd1 Ra1 31. Nd3 Rxb1 32. Rxb1 Rb8 0-1

[Event "3. Campeonato de la Unión Europea"]
[Site "Arvier ITA"]
[Date "2007.06.16"]
[Round "2.31"]
[White "Foisor, Sabina Francesca"]
[Black "Cavatorta, Fosco"]
[Result "1-0"]
[WhiteElo "2333"]
[BlackElo "1921"]
[PlyCount "101"]
[EventDate "2007.06.15"]
[EventType "swiss"]
[EventRounds "10"]
[EventCountry "ITA"]
[Source "lmi"]
[SourceDate "2007.06.15"]

1. d4 d6 2. c4 e5 3. e3 Be7 4. Nc3 f5 5. Nge2 Nf6 6. g3 O-O 7. Bg2 c6 8. b3 Be6
9. a4 a5 10. Ba3 Re8 11. O-O Na6 12. Ra2 Qb6 13. Rd2 Nb4 14. Nc1 Rad8 15. d5
cxd5 16. Bxb4 Qxb4 17. Nxd5 Bxd5 18. Bxd5+ Kh8 19. Na2 Qb6 20. Nc3 Nd7 21. Bf7
Rf8 22. Nd5 Qc5 23. Be6 Bg5 24. Qh5 Bh6 25. Bxf5 Nf6 26. Qh3 Nxd5 27. cxd5 Rf6
28. g4 Rdf8 29. Bb1 Rf3 30. Qh5 Qc3 31. Re2 Qc8 32. Be4 g6 33. Qh4 g5 34. Qh5
R3f6 35. Rc2 Qd7 36. Rfc1 Qf7 37. Qxf7 R6xf7 38. f3 Bg7 39. Kf2 h5 40. gxh5 g4
41. Rc8 gxf3 42. Bg6 Rxc8 43. Rxc8+ Rf8 44. Rc7 Rb8 45. Kxf3 Kg8 46. Kg4 Bh6
47. Bf7+ Kh8 48. Kf5 Bxe3 49. Kg6 Bb6 50. Rd7 e4 51. Be6 1-0

[Event "3. Campeonato de la Unión Europea"]
[Site "Arvier ITA"]
[Date "2007.06.16"]
[Round "2.32"]
[White "Iacchetti, Giovanni"]
[Black "Agrest, Roman"]
[Result "0-1"]
[WhiteElo "1917"]
[BlackElo "2161"]
[PlyCount "64"]
[EventDate "2007.06.15"]
[EventType "swiss"]
[EventRounds "10"]
[EventCountry "ITA"]
[Source "lmi"]
[SourceDate "2007.06.15"]

1. c4 Nf6 2. Nc3 e6 3. e4 d5 4. e5 Ng8 5. cxd5 exd5 6. d4 Be6 7. Nf3 h6 8. Be2
Ne7 9. O-O Nd7 10. Ne1 Nf5 11. f4 Nxd4 12. Kh1 Nxe2 13. Qxe2 g6 14. Be3 Nb6 15.
Rd1 Qd7 16. Nf3 c5 17. Ne4 dxe4 18. Rxd7 exf3 19. Qxf3 Nxd7 20. Qxb7 Rb8 21.
Qxa7 Rxb2 22. Qa8+ Rb8 23. Qc6 Be7 24. Rd1 Rd8 25. h3 O-O 26. a4 Nxe5 27. fxe5
Rxd1+ 28. Kh2 Kg7 29. Qc7 Rd7 30. Qc6 Rd5 31. Qc7 Bg5 32. Bxc5 Rc8 0-1